00599 2200193 4500001002100000005001500021035002000036007000300056008003900059082001000098084001700108100001400125245013500139260004100274300004100315650001100356650002500367022001300392INLIS00000000000126420250325090635 a0010-0325000026ta250325 | | |  a631.2 a631.2 JIN a0 aJing Ning1 aAccounting for Greenhouse Gas Emissions in the Agricultural System of China Based on the Life Cycle Assessment Method /cJing Ning aSwitzerland, Basel :bMDPI AG,c2024 a1-24 hlm, :bIlus ;c21 cm x 29,7 cm 4aJurnal 4arumah kaca pertanian a20711050